000
00323nam a2200133Ia 4500
005
20251222144851.0
008
251222s9999||||xx |||||||||||||| ||spa||
020
_a
968-853-066-2
082
_a
616.891.56/M61
100
_a
Minuchin, Salvador
245
0
_a
Técnicas de Terapia Familiar
264
_b
Paidós
942
_c
LIB
999
_c
21616
_d
21616